000 00492nam a2200193Ia 4500
005 20250423094840.0
008 250422s9999 xx 000 0 und d
020 _a9789350145098
050 _aQA 76.73.C15 .M57/
100 _aMishar, Amit Kumar
245 0 _aComputer system and programming in C
250 _a3rd ed.
260 _aNew Delhi
260 _bS. K. Kataria & Sons
260 _c2016
300 _a447 p
650 _a C (Computer program language)
942 _cBK
999 _c28482
_d28482